| 000 | 01048nam a2200205 a 4500 | ||
|---|---|---|---|
| 001 | 55657 | ||
| 005 | 20180714051047.0 | ||
| 008 | 140415s1998 sp 000 0 spa d | ||
| 020 | _a8479141158 | ||
| 041 | _aspa | ||
| 082 |
_a231.042 _bSAH |
||
| 100 | 1 | _aSAHAGUN LUCAS, JUAN DE | |
| 245 | 1 | 0 | _aDIOS, HORIZONTE DEL HOMBRE |
| 250 | _a1a ed. | ||
| 260 |
_aESPAÑA : _bBIBLIOTECA DE AUTORES CRISTIANOS, _c1998 |
||
| 300 |
_a166 _c14.5 x 1.8 x 21.2 |
||
| 490 | _aENSAYOS | ||
| 520 | _aEN LA PRESENTE OBRA NOS PROPONEMOS CAPTAR Y EXPRESAR EL ALCANCE SIGNIFICATIVO DE ESTE HECHO, HACIENDO VER SU VALOR FILOSOFICO Y ANTROPOLOGICO. PARA ELLO OFRECEMOS, EN PRIMER LUGAR, UNA VISION HISTORICA DEL TEMA A TRAVES DE SUS ETAPAS PRINCIPALES, TANTO DE LA CULTURA COMO DE LA FILOSOFIA. PRESENTAREMOS A CONTINUACION, EN FORMA SISTEMATICA, SU BASE RACIONAL. ¿COMO SOLUCIONA EL HOMBRE EL PROBLEMA DE DIOS? ESTA CUESTION ACAPARA NUESTRO INTERES. A LO LARGO DEL TRABAJO, ADEMAS DE UNA INFORMA | ||
| 650 | 1 | 4 |
_aDIOS _xEXISTENCIA DE DIOS _xFE EN DIOS |
| 999 |
_c55657 _d55657 |
||